[Event "Central America Carribean-ch U20"]
[Site "Couva"]
[Date "2019.12.17"]
[Round "7"]
[White "Paul, Theophile"]
[Black "Yearwood, Sean"]
[Result "1-0"]
[WhiteElo "1650"]
[BlackElo "1799"]
[PlyCount "51"]
[EventDate "2019.12.13"]
[EventType "swiss"]
[EventRounds "9"]
[EventCountry "TRI"]
[SourceTitle "CBM 193 Extra"]
[Source "ChessBase"]
[SourceDate "2020.01.31"]
[SourceVersion "1"]
[SourceVersionDate "2020.01.31"]
[SourceQuality "1"]

1. d4 d6 2. c4 Nf6 3. Nc3 g6 4. e4 Bg7 5. f3 0-0 6. Be3 e5 7. Nge2 c6 8. Qd2 Qc7 9. 0-0-0 a5 10. Kb1 Bd7 11. g4 b5 12. Nc1 b4 13. N3e2 Qb7 14. h4 exd4 15. Bxd4 Nxe4 16. fxe4 c5 17. Bxg7 Qxe4+ 18. Ka1 Kxg7 19. Bh3 Bc6 20. Rhg1 Qxc4 21. h5 a4 22. h6+ Kg8 23. Qxd6 f6 24. g5 f5 25. Bxf5 Rxf5 26. Qe7 1-0

[Event "Central America Carribean-ch U20"]
[Site "Couva"]
[Date "2019.12.15"]
[Round "4"]
[White "Paul, Theophile"]
[Black "Johnson, Gabriella"]
[Result "1-0"]
[WhiteElo "1650"]
[BlackElo "1851"]
[PlyCount "105"]
[EventDate "2019.12.13"]
[EventType "swiss"]
[EventRounds "9"]
[EventCountry "TRI"]
[SourceTitle "CBM 193 Extra"]
[Source "ChessBase"]
[SourceDate "2020.01.31"]
[SourceVersion "1"]
[SourceVersionDate "2020.01.31"]
[SourceQuality "1"]

1. d4 Nf6 2. c4 e6 3. Nf3 b6 4. Nc3 Bb7 5. e3 Be7 6. Bd3 0-0 7. 0-0 d5 8. cxd5 exd5 9. Ne5 Nbd7 10. f4 Ne4 11. Qf3 Ndf6 12. Ne2 Ne8 13. Qh3 f5 14. Bxe4 fxe4 15. Qe6+ Kh8 16. Nf7+ Rxf7 17. Qxf7 Ba6 18. Re1 Bb4 19. Nc3 Nf6 20. Qe6 Bc8 21. Qc6 Bd7 22. Qb7 a5 23. a3 Bxc3 24. bxc3 Ba4 25. Bd2 Ne8 26. Rec1 Rb8 27. Qa6 Nd6 28. Qe2 Bb5 29. Qf2 a4 30. c4 Bxc4 31. Bb4 Nb7 32. Qg3 Qd7 33. Rab1 Re8 34. Bc3 Bd3 35. Rb2 Nd6 36. Bb4 Nc4 37. Rf2 Qf5 38. Re1 Rc8 39. Qh4 c5 40. dxc5 bxc5 41. Bxc5 h6 42. g4 Qd7 43. Bd4 Kg8 44. f5 Rc6 45. f6 g5 46. Qxh6 Qf7 47. Qxg5+ Kh7 48. Qh4+ Kg8 49. Qh6 Nxa3 50. g5 Nc2 51. g6 Qd7 52. f7+ Qxf7 53. gxf7# 1-0